00397nam a22001097a 4500008004100000082002200041100001900063245012100082260004500203300002200248650001700270210811b ||||| |||| 00| 0 eng d aBSC.ENV CAP NO.47 aSeldon, Dechen aBiomedical waste : A study of knowledge, attitude and practices( KAP) among the health care personal in Thimphu City aThimphu :bRoyal Thimphu College,c2021. avi, 39 p.c29 cm. astudent work